كوكبنا في الكون / (رقم التسجيلة. 43639)
[ عرض عادي ]
| 000 -LEADER | |
|---|---|
| fixed length control field | 00832nam a22002657a 4500 |
| 005 - DATE AND TIME OF LATEST TRANSACTION | |
| control field | 20251108170550.0 |
| 008 - FIXED-LENGTH DATA ELEMENTS--GENERAL INFORMATION | |
| fixed length control field | 250721s2000 xx 000 0 ara d |
| 020 ## - INTERNATIONAL STANDARD BOOK NUMBER | |
| International Standard Book Number | 2070503925 |
| 082 14 - DEWEY DECIMAL CLASSIFICATION NUMBER | |
| Classification number | م/ط/523/كوك |
| 100 1# - MAIN ENTRY--PERSONAL NAME | |
| Personal name | بوريغار، ديانا كوستادو |
| 245 10 - TITLE STATEMENT | |
| Title | كوكبنا في الكون / |
| 264 1# - PRODUCTION, PUBLICATION, DISTRIBUTION, MANUFACTURE, AND COPYRIGHT NOTICE | |
| Place of production, publication, distribution, manufacture | بيروت : |
| Name of producer, publisher, distributor, manufacturer | دار عويدات، |
| Date of production, publication, distribution, manufacture, or copyright notice | 2000. |
| 300 ## - PHYSICAL DESCRIPTION | |
| Extent | 76ص : مص |
| 490 0# - SERIES STATEMENT | |
| Series statement | موسوعة صغارنا الحديثة |
| 650 17 - SUBJECT ADDED ENTRY--TOPICAL TERM | |
| Topical term or geographic name as entry element | الكواكب |
| 650 17 - SUBJECT ADDED ENTRY--TOPICAL TERM | |
| Topical term or geographic name as entry element | النظام الشمسي |
| 650 17 - SUBJECT ADDED ENTRY--TOPICAL TERM | |
| Topical term or geographic name as entry element | الأحوال الجوية |
| 653 ## - INDEX TERM--UNCONTROLLED | |
| Uncontrolled term | ناشاون صغار (10-14) سنه |
| 700 1# - ADDED ENTRY--PERSONAL NAME | |
| Personal name | الهاشم، أنطوان |
| Relator term | Tran. |
| 700 1# - ADDED ENTRY--PERSONAL NAME | |
| Personal name | دونيو، كلاريس |
| 700 1# - ADDED ENTRY--PERSONAL NAME | |
| Personal name | فاريه، ماري |
| 700 1# - ADDED ENTRY--PERSONAL NAME | |
| Personal name | هننغ، آن دو |
| 942 ## - ADDED ENTRY ELEMENTS (KOHA) | |
| Source of classification or shelving scheme | Dewey Decimal Classification |
| Koha item type | كتب |
| حالة السحب | حالة الفقدان | مصدر التصنيف | حالة التلف | غير قابل للإعارة | المكتبة الرئيسية | المكتبة الحالية | موقع الرف | تاريخ التزويد | الرقم المتسلسل | Total Checkouts | رقم الإستدعاء | الباركود | تاريخ آخر ظهور | تاريخ الفاتورة | نوع المادة (كوها) |
|---|---|---|---|---|---|---|---|---|---|---|---|---|---|---|---|
| Dewey Decimal Classification | المكتبة المركزية | المكتبة المركزية | الأطفال | 06/07/2004 | 401770 | م/ط/523/كوك | 401770 | 28/07/2025 | 06/07/2004 | كتب | |||||
| Dewey Decimal Classification | مكتبة البشائر للأطفال | مكتبة البشائر للأطفال | الإعارة | 16/05/2015 | 527062 | م/ط/523/كوك | PLD00324271 | 28/07/2025 | 16/05/2015 | كتب | |||||
| Dewey Decimal Classification | Not For Loan | مكتبة قتيبة للأطفال | مكتبة قتيبة للأطفال | الأطفال | 28/02/2018 | 1667437 | م/ط/523/كوك | PLD00418175 | 28/07/2025 | 28/02/2018 | كتب | ||||
| Dewey Decimal Classification | Not For Loan | مكتبة قتيبة للأطفال | مكتبة قتيبة للأطفال | الأطفال | 28/02/2018 | 1667438 | م/ط/523/كوك | PLD00418176 | 28/07/2025 | 28/02/2018 | كتب | ||||
| Dewey Decimal Classification | مكتبة أم المؤمنين للأطفال | مكتبة أم المؤمنين للأطفال | الأطفال | 28/07/2025 | 430556 | م/ط/523/كوك | 430556 | 28/07/2025 | 28/07/2025 | كتب | |||||
| Dewey Decimal Classification | Not For Loan | مكتبة أم قصير والمقابلين العامة | مكتبة أم قصير والمقابلين العامة | الأطفال | 22/04/2019 | 1702935 | م/ط/523/كوك | PLD00451500 | 28/07/2025 | 22/04/2019 | كتب | ||||
| Dewey Decimal Classification | مكتبة الأميرة سلمى | مكتبة الأميرة سلمى | الأطفال | 28/07/2025 | 568143 | م/ط/523/كوك | 568143 | 28/07/2025 | 28/07/2025 | كتب | |||||
| Dewey Decimal Classification | مكتبة الأميرة سلمى | مكتبة الأميرة سلمى | الأطفال | 28/07/2025 | 567286 | م/ط/523/كوك | 567286 | 28/07/2025 | 28/07/2025 | كتب | |||||
| Dewey Decimal Classification | مكتبة الأميرة سلمى | مكتبة الأميرة سلمى | الأطفال | 28/07/2025 | 565633 | م/ط/523/كوك | 565633 | 28/07/2025 | 28/07/2025 | كتب | |||||
| Dewey Decimal Classification | Not For Loan | مكتبة الياسمين للأطفال | مكتبة الياسمين للأطفال | الأطفال | 31/03/2014 | 556746 | م/ط/523/كوك | PLD00297274 | 28/07/2025 | 31/03/2014 | كتب | ||||
| Dewey Decimal Classification | Not For Loan | مكتبة الياسمين للأطفال | مكتبة الياسمين للأطفال | الأطفال | 25/03/2014 | 558139 | م/ط/523/كوك | PLD00296580 | 28/07/2025 | 25/03/2014 | كتب |